00554nam a2200241Ia 450000500170000000800460001702000180006303700100008104000080009104000080009904000080010704100080011504100080012308400080013110000160013924500430015524500160019826000230021426000090023736500050024636500080025185600530025920260324145544.0008 260324s9999 xx 000 0 eng d a9781315019468 aEBOOK aCRL beng cCRL 2eng aeng qCRL aVictor Argy 4aThe Postwar International Money Crisis 3bAn Analysis bTaylor and Francis c1981 a b195 uhttp://www.taylorfrancis.com/books/9781315019468